000 00744nam a2200289Ia 4500
005 20260324120407.0
008 008 260324s9999 xx 000 0 eng d
020 _a9781315565309
037 _aEBOOK
040 _aCRL
040 _beng
040 _cCRL
041 _2eng
041 _aeng
084 _qCRL
100 _aPeter Scholliers; Nelleke Teughels
_91158386
245 2 _aA Taste of Progress
245 0 _bFood at International and World Exhibitions in the Nineteenth and Twentieth Centuries
260 _bTaylor and Francis
260 _c2015
365 _a
365 _b230
856 _uhttp://www.taylorfrancis.com/books/9781315565309
942 _cEBOOK
999 _c1749903
_d1749903